| 000 | 01229nam a22002657a 4500 | ||
|---|---|---|---|
| 005 | 20170124103202.0 | ||
| 010 | _a164375 | ||
| 020 | _c10.00 | ||
| 035 | _a164375 | ||
| 037 | _bCen Lib/Ret | ||
| 040 |
_aDPL _bHN |
||
| 082 |
_a191 _bब्लौजो |
||
| 100 |
_aब्लौ, जोसेफ एल. _992454 |
||
| 245 |
_aअमिरीकी दर्शन और दार्शनिक / _cजोसेफ एल. ब्लौ ; अनुवादक राधेश्याम शर्मा |
||
| 246 |
_aAmiriki darshan aur darshanik / _bby Josef L. Blow ; anuvadak Radheshyam Sharma |
||
| 260 |
_aइलाहाबाद _bलीडर प्रेस _c1952 |
||
| 270 | _bइलाहाबाद | ||
| 300 |
_a399पृ. _c20सेमी(सजिल्द ) |
||
| 650 |
_aदर्शनशास्त्र--दार्शनिक _x _z _992455 |
||
| 650 |
_aदर्शनशास्त्र--दार्शनिक -- अमेरिका _992456 |
||
| 650 |
_aPhilosophy - Philosophy _992457 |
||
| 650 |
_aPhilosophy - Philosophy - US _992458 |
||
| 700 |
_aशर्मा, राधेश्याम _992459 |
||
| 942 |
_2ddc _cHN _h191 _mब्लौजो |
||
| 999 |
_c120755 _d120755 |
||